| 000 | 00393nam a22001337a 4500 | ||
|---|---|---|---|
| 020 | _a9788178080338 | ||
| 040 | _cNust | ||
| 082 |
_a006.3 _bCHA |
||
| 100 |
_aEugene Charniak _9127612 |
||
| 245 | _a Introduction To Artificial Intelligence | ||
| 260 |
_aNew Delhi: _bDorling Kindesley Pearson Education, _c2002. |
||
| 650 |
_a Introduction To Artificial Intelligence _9127613 |
||
| 942 |
_2ddc _cBK |
||
| 999 |
_c612686 _d612686 |
||